[Event "NED-ch U11 Girls"]
[Site "Waalwijk"]
[Date "2012.04.07"]
[Round "9"]
[White "Van Os, Titia"]
[Black "Geene, Ilse"]
[Result "0-1"]
[WhiteElo "633"]
[BlackElo "645"]
[PlyCount "94"]
[EventDate "2012.04.06"]
[EventType "swiss"]
[EventRounds "9"]
[EventCountry "NED"]
[SourceTitle "EXT 2013"]
[Source "ChessBase"]
[SourceDate "2012.11.22"]
[SourceVersion "1"]
[SourceVersionDate "2012.11.22"]
[SourceQuality "1"]

1. e4 e5 2. Nc3 Bc5 3. Nf3 Nc6 4. Bb5 Nf6 5. Bxc6 bxc6 6. d3 Ng4 7. 0-0 d6 8. h3 Nf6 9. Bg5 0-0 10. Qe2 h6 11. Bxf6 Qxf6 12. b3 Bd4 13. Nd1 Bxa1 14. Ne3 Bd4 15. Ng4 Bxg4 16. hxg4 Bc5 17. c4 Rae8 18. a4 Rd8 19. Nh2 Qh4 20. Nf3 Qf6 21. Kh2 d5 22. exd5 cxd5 23. cxd5 Rxd5 24. Rh1 Qf4+ 25. Kg1 e4 26. dxe4 Re8 27. g3 Qxg4 28. Rh4 Qg6 29. Qf1 Rxe4 30. Rh1 Qf6 31. Nh2 Red4 32. Kg2 Rd1 33. Qe2 Rxh1 34. Kxh1 Qa1+ 35. Kg2 Qe5 36. Qf3 Qf5 37. Qe2 Qe6 38. Qb5 Qe4+ 39. Nf3 Qc2 40. Qe8+ Kh7 41. Qxf7 Qxf2+ 42. Kh3 Qf1+ 43. Kh4 Qh1+ 44. Kg4 h5+ 45. Kf4 Qc1+ 46. Ke4 c6 47. Qxh5+ Rxh5 0-1

[Event "NED-ch U11 Girls"]
[Site "Waalwijk"]
[Date "2012.04.06"]
[Round "1"]
[White "Van den Born, Sofie"]
[Black "Van Os, Titia"]
[Result "0-1"]
[WhiteElo "242"]
[BlackElo "633"]
[PlyCount "22"]
[EventDate "2012.04.06"]
[EventType "swiss"]
[EventRounds "9"]
[EventCountry "NED"]
[SourceTitle "EXT 2013"]
[Source "ChessBase"]
[SourceDate "2012.11.22"]
[SourceVersion "1"]
[SourceVersionDate "2012.11.22"]
[SourceQuality "1"]

1. e4 e5 2. Bc4 Nc6 3. Nf3 Nf6 4. 0-0 Bc5 5. d3 d6 6. Ng5 0-0 7. Nxf7 Rxf7 8. Bxf7+ Kxf7 9. Nc3 Ng4 10. Ne2 Qh4 11. Qd2 Qxh2# 0-1